| 000 | 00924cam a22002777a 4500 | ||
|---|---|---|---|
| 005 | 20220817041316.0 | ||
| 008 | 971013s1916 r 00010 d | ||
| 010 | _a10966 | ||
| 011 | _a11938 | ||
| 035 | _a12869 | ||
| 090 | _aFolleto 2238 | ||
| 100 | 0 | 0 |
_aArmsby, Henry Prentiss. _97221 |
| 245 | 1 | 4 | _aThe use of energy values in the computation of rations for farm animals |
| 260 |
_aWashington : _bDepartment of Agriculture, _c1916 |
||
| 300 | _a31 p. | ||
| 490 | 0 |
_aEUA. Dep. of Agri. Bull. _v; 459 |
|
| 500 | _a80-204 | ||
| 590 |
_aBATCH-UPD _b10 _c20130110 _lUCH01 _h0113 |
||
| 590 |
_aBATCH-UPD _b10 _c20130110 _lUCH01 _h2019 |
||
| 590 |
_aBATCH-UPD _b10 _c20130410 _lUCH01 _h1337 |
||
| 590 |
_aCONVERSION _b10 _c20130109 _lUCH01 _h1307 |
||
| 650 | 1 | 4 |
_aAlimentos y alimentacion del ganado. _94326 |
| 830 | 0 |
_aEUA. Dep. of Agri Bull. _v; 459 |
|
| 901 | _aBK | ||
| 949 |
_aFolleto 2238 _bBC _cFOLLBD _d-24966 _eTS1 _i12869 _si |
||
| 999 |
_c10966 _d10966 |
||